| 000 | 00915nam a2200253Ia 4500 | ||
|---|---|---|---|
| 003 | OSt | ||
| 005 | 20220923211234.0 | ||
| 006 | a|||||r|||| 00| 0 | ||
| 007 | ta | ||
| 008 | Pun | ||
| 020 |
_a9788171435890 (hbk) _c125 |
||
| 024 | _a271,551 | ||
| 037 |
_b677, 04/06/2013, H.K. Prakashan _cTextual |
||
| 040 |
_aARTS _cARTS _bPun |
||
| 041 |
_2Pun _aPun |
||
| 082 | _aO153,6N132:g, Q3 | ||
| 100 | _aਸਿੱਧੂ, ਗੁਰਦੀਪ ਸਿੰਘ | ||
| 245 | 0 |
_aਬਲਰਾਮ ਸਾਹਨੀ ਦੇ ਸਖ਼ਰਨਾਮੇ _b ਸਾਹਿਤਕ ਅਧਿਐਨ |
|
| 260 |
_aਅੰਮ੍ਰਿਤਸਰ _b ਰਵੀ ਸਾਹਿਤ ਪ੍ਰਕਾFਨ _c2013 |
||
| 300 |
_a111ਪੰ _ccm. |
||
| 650 | _aਪੰਜਾਬੀ ਸਾਹਿਤ | ||
| 942 |
_hO153,6N132:g, Q3 _cTEXL _2CC |
||
| 999 |
_c297464 _d297464 |
||